Les maréchaux français du XXe siècle. - Statistiques

Statistiques générales
  • Ce quiz a été pris 5 029 fois
    4 755 depuis la dernière actualisation
  • Le résultat moyen est 4 sur 12
Statistiques - réponses
Dates Fait maréchal Maréchaux % Correct
1856-1951 1918 Philippe Pétain
96%
1851-1929 1918 Ferdinand Foch
70%
1902-1947 1952 Philippe Leclerc
57%
1852-1931 1916 Joseph Joffre
48%
1889-1952 1952 Jean de Lattre de Tassigny
35%
1888-1967 1952 Alphonse Juin
29%
1854-1934 1921 Hubert Lyautey
18%
1849-1916 1921 Joseph Gallieni
15%
1898-1970 1984 Marie-Pierre Kœnig
14%
1856-1942 1921 Louis Franchet d'Espèrey
9%
1852-1928 1921 Émile Fayolle
8%
1847-1923 1923 Michel Maunoury
7%
Aucun quiz correspondant
Distribution des résultats
% des personnes avec chaque résultat
Percentile par nombre de réponses
Votre historique - résultats
Vous n’avez pas pris ce quiz depuis la dernière actualisation